000 00779nam a2200193 a 4500
008 120416s1973 ||||||||||||||||| || u
020 _a0412090201
050 _aTA 681.5 Ben
100 _aBennett, Ernest Walter
245 1 0 _aStructural concrete elements
260 _aLondon:
_b[Distributed in the U.S.A. by Halsted Press, a division of John Wiley & Sons, New York
_c1973
260 _aLondon:
_bChapman & Hall
_c1973
300 _axiv, 314p.: ill.
350 _a0.00
500 _aIncludes bibliographical references.
650 _aPRESTRESSED CONCRETE CONSTRUCTION
650 _aREINFORCED CONCRETE CONTRUCTION
995 _D0.00
_FCBU-MAIN LIBRARY (Kitwe)
_H1
_I7.50
_M1
_UAVAILABLE
_ZAnnex Low-Usage Collection
999 _c58670
_d58670